00492nam a2200193 a 4500001001300000003000900013005001700022008004100039020001000080082001700090100002400107245002100131260003900152300000900191500003500200505002400235650001500259700002400274nice12345678IN_TiNIC20260116011710.0050524s1949 hyda grp 000 0 urd  ac10000a891.44bKHA1 aKhan, Mir Ahmad Ali aTanqidi Nazariya aHyderabadbDeccan Publishersc1949 a152p aincludes index and biblioraphy2 aBibliography, index aUrdu-Prose1 aKhan, Mir Ahmad Ali